00271nam a2200109Ia 4500008004100000041000800041100002000049245002300069260003100092300000800123700003000131250110s9999 xx 000 0 und d aeng aAdhav Apoorva A aAgritourist Resort bBNCA B-Arch ID, Punec2016 a75p aGuide Name:Sowani Avinash